000 00975nmm a2200277 a 4500
001 ocm000652804
003 TR-IsHL
005 20201028142354.0
008 140104s2003 tu tur
007 cr cn
020 _a9789755127125
035 _a652804
_b(N$T)
050 0 4 _aHD9787
_b.A93 2003
090 0 4 _aHD9787
_b.A93 2003
245 1 0 _aAyakkabı sektör araştırması
_h[electronic resource] /
_chaz. Sevim Zirek, Mert Özcömert
260 _aİstanbul :
_bİstanbul Ticaret Odası,
_c2003
300 _a80 p.
650 4 _aEkonomi ve Finans
650 4 _aEconomics and Finance
650 0 _aAyakkabı endüstrisi
_x Türkiye
_x Dış ticaret
650 0 _aShoe industry
_x Turkey
_x Foreign trade
650 7 _aBUSINESS & ECONOMICS / Industries / Fashion & Textile Industry
_2bisacsh
700 1 _aZirek, Sevim
700 1 _aÖzcömert, Mert
856 4 0 _uhttp://search.ebscohost.com/login.aspx?direct=true&scope=site&db=e011xww&AN=652804
999 _c8317
_d8317